000 01244nam a2200265Ia 4500
003 OSt
005 20200707153250.0
008 191128s1986 ck gr 000 0dspa d
020 _a9586280381
040 _aCO-JMCR
_cCO-JMCR
041 0 _aspa
082 0 4 _a330.98 /
_bG215r
_223
100 1 _aGarcía, Antonio,
_d1912-1982,
_eautor
_96810
245 1 0 _aReforma agraria y desarrollo capitalista en América Latina /
_cAntonio García
250 _a1a edición
260 _aBogotá :
_bCentro de Investigaciones para el Desarrollo,
_c1986.
300 _a131 Páginas
_c23 cm.
500 _aBiografía del autor en contra portada.
505 0 _aAsentamientos rurales y patronales de ocupación del territorio en america latian -- El modelo hispanocolonial de ocupación del territorio y de asentamiento rural.
520 0 _aEste primer libro de la Colección Facultad de Ciencias Económicas, lanzada en honor a su autor. En 1945 funda Antonio García el Instituto de Ciencias Económicas en la Universidad Nacional, el más antiguo centro de enseñanza de la Economía en Colombia.
650 1 4 _aDesarrollo económico
_96811
650 2 4 _aAmérica Latina
_96812
650 2 4 _aReforma agraria
_zAmérica Latina
_96813
942 _2ddc
_cBK
999 _c3709
_d3709